| 000 | 00699nam a2200217 i 4500 | ||
|---|---|---|---|
| 001 | 58534 | ||
| 003 | ES-MaACL | ||
| 005 | 20230906163829.0 | ||
| 007 | t| | ||
| 008 | 031022s1928 fr ||||1| fre d | ||
| 100 | 1 |
_aDyssord, Jacques. _946422 |
|
| 245 | 1 | 2 |
_aL'aventure de Paul-Jean Toulet, gentilhomme de lettres / _cpar Jacques Dyssord ; avec un portrait et orné de dessins de l'auteur. |
| 250 | _a4eme ed. | ||
| 260 |
_aParis : _bBernard Grasset, _c1928 ( _fE. Arrault) |
||
| 300 |
_a230 p. ; _c19 cm. |
||
| 490 | 1 |
_aLa vie de bohème ; _v3 |
|
| 600 | 0 | 4 |
_aToulet, Paul Jean. _9111126 |
| 830 | 0 |
_aLa vie de bohème ; _v3 _9230477 |
|
| 852 |
_aES-MaACL _jA-2423 |
||
| 999 |
_c58534 _d58534 |
||